World politics : (Record no. 3175)

000 -LEADER
fixed length control field 00877cam a2200301La 4500
001 - CONTROL NUMBER
control field 5803155
003 - CONTROL NUMBER IDENTIFIER
control field OSt
005 - DATE AND TIME OF LATEST TRANSACTION
control field 20240907103602.0
008 - FIXED-LENGTH DATA ELEMENTS--GENERAL INFORMATION
fixed length control field 060711s2007 cauab b 001 0 eng d
010 ## - LIBRARY OF CONGRESS CONTROL NUMBER
LC control number 2005937707
020 ## - INTERNATIONAL STANDARD BOOK NUMBER
International Standard Book Number 0495187062
035 ## - SYSTEM CONTROL NUMBER
System control number (OCoLC)ocm70574240
035 ## - SYSTEM CONTROL NUMBER
System control number (NNC)5803155
040 ## - CATALOGING SOURCE
Original cataloging agency IG#
Transcribing agency IG#
Modifying agency BAKER
050 #4 - LIBRARY OF CONGRESS CALL NUMBER
Classification number JZ1242
Item number .K43 2007
082 04 - DEWEY DECIMAL CLASSIFICATION NUMBER
Classification number 327.1/01
Edition number 22
100 1# - MAIN ENTRY--PERSONAL NAME
Personal name Kegley, Charles W.
9 (RLIN) 109677
245 10 - TITLE STATEMENT
Title World politics :
Remainder of title trend and transformation /
Statement of responsibility, etc. Charles W. Kegley, Jr.
250 ## - EDITION STATEMENT
Edition statement 9th ed.
260 ## - PUBLICATION, DISTRIBUTION, ETC.
Place of publication, distribution, etc. Belmont, CA :
Name of publisher, distributor, etc. Thomson Wadsworth,
Date of publication, distribution, etc. c2007.
300 ## - PHYSICAL DESCRIPTION
Extent 1 v. 633p
Other physical details col. ill., col. maps ;
Dimensions 26 cm.
504 ## - BIBLIOGRAPHY, ETC. NOTE
Bibliography, etc. note Includes bibliographical references and indexes.
650 #0 - SUBJECT ADDED ENTRY--TOPICAL TERM
Topical term or geographic name entry element International relations.
650 #0 - SUBJECT ADDED ENTRY--TOPICAL TERM
Topical term or geographic name entry element World politics.
942 ## - ADDED ENTRY ELEMENTS (KOHA)
Source of classification or shelving scheme
Koha item type CSS Corner
948 1# - LOCAL PROCESSING INFORMATION (OCLC); SERIES PART DESIGNATOR (RLIN)
Series part designator, SPT (RLIN) 20060912
b (OCLC) c
c (OCLC) rad1
d (OCLC) MPS
Holdings
Withdrawn status Lost status Source of classification or shelving scheme Damaged status Not for loan Collection code Permanent Location Current Location Shelving location Date acquired Total Checkouts Total Renewals Full call number Barcode Date last seen Date last checked out Price effective from Koha item type Materials specified (bound volume or other part)
            Central Library (CL) Central Library (CL) General Stacks 08/09/2017 6 1 327.1/01 KEG S3H-N-456 08/26/2025 07/16/2025 08/09/2017 Book  
            Central Library (CL) Central Library (CL) General Stacks 08/09/2017 3 7 327.1/01 KEG S3H-N-457 06/14/2023 01/24/2023 08/09/2017 Book  
            Central Library (CL) Central Library (CL) Central Superior Services 05/31/2018 2   327.1/01 KEG S3H-N-1589 05/08/2023 12/19/2022 05/31/2018 Book CSS Corner Book
            NUST Law School (NLS) NUST Law School (NLS) General Stacks 05/19/2016 6 6 327.1/01 KEG S3H-N-628 11/06/2024 10/07/2022 05/19/2016 Book  
© 2023 Central Library, National University of Sciences and Technology. All Rights Reserved.